NC-17 - Travis Scott feat. 21 Savage (Full lyrics) - Statistics

General Stats
  • This quiz has been taken 17 times
  • The average score is 206 of 313
Answer Stats
Answer % Correct
a
100%
I
100%
it
100%
she
100%
the
100%
you
100%
You
100%
and
89%
bitch,
89%
bitch
89%
do
89%
my
89%
out
89%
so
89%
we
89%
We
89%
with
89%
be
78%
came
78%
Don't
78%
don't
78%
Fuck
78%
have
78%
If
78%
Me
78%
Moscow
78%
not
78%
on,
78%
on
78%
Saint
78%
same
78%
sex
78%
to
78%
Travis,
78%
all
67%
bang
67%
body
67%
buy
67%
chain
67%
crossed
67%
dawgs
67%
down,
67%
from
67%
Fuckin'
67%
gang,
67%
gang?
67%
gang
67%
get
67%
got
67%
Had
67%
He
67%
'K,
67%
language
67%
Laurent
67%
let's
67%
like
67%
main
67%
nigga
67%
now
67%
off
67%
outside,
67%
rich,
67%
'round
67%
some
67%
that
67%
they
67%
Three
67%
used
67%
Visa,
67%
way,
67%
way
67%
Ye
67%
your
67%
Your
67%
bangs
56%
banquet
56%
bitches
56%
brought
56%
by
56%
'cause
56%
change
56%
club
56%
come
56%
cost
56%
done
56%
Earrings
56%
Eatin'
56%
fangs
56%
for
56%
G.I.A.
56%
gon'
56%
gotta
56%
hang
56%
hoes
56%
is
56%
it's
56%
kick
56%
left
56%
playgrounds,
56%
Pull
56%
sets
56%
Shawty
56%
shit
56%
somethin'
56%
stained
56%
swap
56%
swear
56%
swing
56%
switch
56%
talkin'
56%
think
56%
thinkin'
56%
T-shirt
56%
up,
56%
Wanna
56%
wet
56%
'bout
44%
Bust
44%
but
44%
certified
44%
chains
44%
cheek,
44%
Cudi,
44%
entertain
44%
her
44%
Hit
44%
ice
44%
I'm
44%
Kid
44%
new
44%
nutted
44%
punane,
44%
quarter,
44%
signed
44%
smoke,
44%
Solo
44%
swang
44%
threats
44%
Babyface
33%
bae
33%
in
33%
nickname
33%
or
33%
vibe
33%
ain't
22%
gave
22%
Mulsanne,
22%
sippin'
22%
cannot
11%
colors,
11%
colors
11%
different
11%
Hangin'
11%
Holes
11%
just
11%
Pour
11%
specs
11%
start
11%
tainted
11%
throw
11%
vibratin'
11%
wall,
11%
Woah,
11%
No matching quizzes found
Score Distribution
Percent of People with Each Score
Percentile by Number Answered
Your Score History
You have not taken this quiz